000 00512nam a22001817a 4500
005 20141125114140.0
010 _aENG-111278
020 _a9789350097885
_c295.00
035 _aEN-94810
037 _bDBAD/PUB
082 _aN
100 _aShahnaz Bashir
245 _aThe half mother :
_cby Shahnaz Bashir
_ba novel /
260 _aGurgaon
_bHachette Book Publishing
_c2014
270 _a4th/5th Floors, Corporate Center, Sec. 44
_bGurgaon
_e122003
300 _a182p.
_c22cm(pbk)
942 _2ddc
_cEN
_mSHA
_hN
999 _c90129
_d90129